banner

Barrios al sur: (Registro nro. 1438)

000 -LEADER
fixed length control field 02376nam a22002417 4500
003 - CONTROL NUMBER IDENTIFIER
control field AR-BaISA
005 - DATE AND TIME OF LATEST TRANSACTION
control field 20250206163116.0
007 - PHYSICAL DESCRIPTION FIXED FIELD--GENERAL INFORMATION
fixed length control field ta
008 - FIXED-LENGTH DATA ELEMENTS--GENERAL INFORMATION
fixed length control field 231003s2012 ag abd|| |||| 000 0 spa d
020 ## - INTERNATIONAL STANDARD BOOK NUMBER
International Standard Book Number 9789872570644
040 ## - CATALOGING SOURCE
Language of cataloging spa
Transcribing agency AR-BaISA
082 04 - DEWEY DECIMAL CLASSIFICATION NUMBER
Edition number 22
Classification number 711.4 H447
245 00 - TITLE STATEMENT
Title Barrios al sur:
Remainder of title renovación y pobreza en la Ciudad de Buenos Aires /
Statement of responsibility, etc. Hilda Herzer (compiladora)
260 ## - PUBLICATION, DISTRIBUTION, ETC.
Place of publication, distribution, etc. Buenos Aires:
Name of publisher, distributor, etc. Cafés de las Ciudades,
Date of publication, distribution, etc. 2012
300 ## - PHYSICAL DESCRIPTION
Extent 407 p.:
Other physical details il., fotos, gráfs., mapas
504 ## - BIBLIOGRAPHY, ETC. NOTE
Bibliography, etc. note Bibliografía al final de cada capítulo.
504 ## - BIBLIOGRAPHY, ETC. NOTE
Bibliography, etc. note Bibliografía p.: 400-401.
505 ## - FORMATTED CONTENTS NOTE
Title Carla Rodríguez, Soledad Arqueros Mejica, Mariana Schettini, Florencia Rodríguez y Cecilia Zapata / Ciudad, políticas públicas y hábitat popular en la era PRO. Continuidades y cambios en contextos de renovación --
-- Florencia Rodríguez / Entre la omisión y la expulsión. Un análisis sobre las modalidades de intervención estatal en los Nuevos Asentamientos Urbanos (NAU) --
-- Fernando Ostuni / Villa Lugano. Potenciación de una trama y reactivación de conflictos a partir de las acciones estáteles de construcción de vivienda --
-- Hilda Herzar, Mercedes Di Virgilio y Marcela Imori / Transformaciones que se consolidan. Los procesos de renovación urbana en los barrios de San Telmo y Barracas --
-- Hilda Herzer, Mercedes Di Virgilio, Tomás Guevara, Julia Ramos, Pablo Vitale y Marcela Imori / Unos llegan y otros se van. Cambios y permanencias en el barrio de La Boca --
-- Tomás Guevara / Implementación de políticas habitacionales en contextos de renovación urbana. El barrio de La Boca (1983-2009) --
-- Luján Menazzi / Mataderos entre la continuidad y el cambio. Procesos urbanos
-- Mariano Perelman / Nuevas y viejas dinámicas socioterritoriales en Villa Soldati. De la quema al cartoneo --
-- Cristina Bettain / Memorias urbanas. "Cómo llegamos y cómo vivimos" --
-- Mercedes Di Virgilio, Soledad Arqueros Mejica, Laura Gily de Anso y Carolina Perea / Transformaciones en una villa de la ciudad. El barrio INTA --
-- Gabriela Merlinsky, Soledad Fernández Bouzo y Melina Tobías / La recuperación ambiental de los márgenes del Riachuelo. Derecho en tensión y poderes en conflicto
650 14 - SUBJECT ADDED ENTRY--TOPICAL TERM
Topical term or geographic name entry element Planificación urbana
9 (RLIN) 3095
650 14 - SUBJECT ADDED ENTRY--TOPICAL TERM
9 (RLIN) 843
Topical term or geographic name entry element Antropología urbana
700 1# - ADDED ENTRY--PERSONAL NAME
9 (RLIN) 3106
Personal name Herzer, Hilda
Relator term comp.
942 ## - ADDED ENTRY ELEMENTS (KOHA)
Source of classification or shelving scheme
Koha item type Libros
Edition 22
Existencias
Withdrawn status Lost status Source of classification or shelving scheme Damaged status Not for loan Permanent Location Current Location Date acquired Inventory number Total Checkouts Full call number Barcode Date last seen Date last checked out Price effective from Koha item type
          Biblioteca ISALUD. Dr. Néstor Rodríguez Campoamor Biblioteca ISALUD. Dr. Néstor Rodríguez Campoamor 2023-10-03 2124 1 711.4 H447 2124 2024-06-04 2024-05-14 2023-10-03 Libros